| 000 | 00650nam a2200193 4500 | ||
|---|---|---|---|
| 001 | 2046437 | ||
| 003 | AM-YEHGA | ||
| 005 | 20260408132904.0 | ||
| 008 | 260122s2003 ru ||||| |||| 00| 0 rus d | ||
| 020 | _a 5-901386-70-1 | ||
| 040 | _aAM-YEHGA | ||
| 041 | 0 | _arus | |
| 100 | 1 | _aДалецкий, Чеслав Брониславович | |
| 245 | 1 | 0 |
_aРиторика: заговори, и я скажу, кто ты : _bУчеб. пособие / _cЧеслав Далецкий. |
| 260 |
_aМосква : _bОмега-Л : Высш. шк. _c2003. |
||
| 300 | _a486 с. | ||
| 650 | 1 | 4 | _aОраторское искусство |
| 942 |
_2udc _cBK |
||
| 999 |
_c540439 _d540439 |
||